| 000 | 00754nam a2200217Ia 4500 | ||
|---|---|---|---|
| 003 | GCL | ||
| 008 | 140319s9999 xx 000 0 ara d | ||
| 040 |
_aGCL / _cGCL |
||
| 082 | 0 | 4 |
_a025.173 _bم و |
| 100 | 1 | _aمحمد ابراهيم السيد | |
| 245 | 1 | 0 |
_aوسائل الاتصال الوثائقى المكتوب / _cمحمد ابراهيم السيد |
| 260 |
_a[S.N] : _bدار الثقافة للنشر والتوزيع ، _c1993 |
||
| 300 | _a320 ص | ||
| 490 |
_aسلسلة الوثائق والمعلومات _v0 |
||
| 650 | 0 | 4 | _aالوثائق |
| 650 | 0 | 4 | _aالتوثيق |
| 650 | 0 | 4 | _aالارشيف والمحفوظات |
| 650 | 0 | 4 | _aالمطبوعات الحكومية |
| 650 | 0 | 4 | _aالمكتبات، علم |
| 942 |
_2ddc _cBK |
||
| 999 |
_c36489 _d36489 |
||